Bramkarze Chelsea FC w XXI wieku - Statystyki

Ogólne statystyki
  • Ten quiz został rozwiązany 547 razy
    77 od ostatniego zresetowania
  • Średni wynik to 9 z 18
Statystyki odpowiedzi
Lata gry Narodowość Nazwisko % Poprawnych
2018-2023 Hiszpania Kepa Arrizabalaga
100%
2004-2015 Czechy Petr Cech
99%
2020-2023 Senegal Edouard Mendy
96%
2014-2018 Belgia Thibaut Courtois
88%
2015-2017 Bośnia i Hercegowina Asmir Begovic
81%
2023- Hiszpania Robert Sánchez
80%
2024- Dania Filip Jørgensen
74%
2017-2021 Argentyna Willy Caballero
74%
2023- Serbia Đorđe Petrović
67%
2013-2014 Australia Mark Schwarzer
36%
1999-2009 Włochy Carlo Cudicini
30%
2006-2014 Portugalia Henrique Hilário
25%
2009-2013 Anglia Ross Turnbull
20%
1997-2003 Holandia Ed de Goey
19%
2001 Australia Mark Bosnich
14%
2003-2004 Włochy Marco Ambrosio
4%
2003-2004 Szkocja Neil Sullivan
3%
2002-2006 Anglia Lenny Pidgeley
1%
Nie znaleziono quizów pasujących do podanych kryteriów
Rozkład punktacji
Procent ludzi z każdym wynikiem
Percentyl według liczby udzielonych odpowiedzi
Twoja historia wyników
Nie rozwiązałeś tego quizu od ostatniego zresetowania